000 00934nam a2200277Ia 4500
003 OSt
005 20220930185243.0
006 a|||||r|||| 00| 0
007 ta
008 220926b |||||||| |||| 00| 0 eng d
020 _a9780415463263 (pbk)
_c1367.81
024 _a1252
037 _b392, 19/01/2009, Bhartiya Sahitya Bhawan
_cTextbook
040 _aCRL
_cCRL
_beng
041 _2eng
_aeng
082 _aW0aX:75, N9
100 _aSvallfors Stefan Ed.
_9557777
245 0 _aEnd of the welfare state? Responses to state retrenchment
260 _aLondon
_bRoutledge Taylor UK
_c1999
300 _axii,244p.
_ccm.
490 _aRoutledge/ESA studies in European society
650 _aPOLITICAL SCIENCE
700 _a Taylor-Gooby Peter Ed.
_9292316
942 _hW0aX:75, N9
_cTB
_2CC
999 _c889830
_d889830